| 000 | 00756nam a2200217 a 4500 | ||
|---|---|---|---|
| 999 |
_c3722 _d3722 |
||
| 001 | 3722 | ||
| 003 | BD-JhCC | ||
| 005 | 20171119083629.0 | ||
| 008 | 171116s1962 bg |||| |||| 001 0 mul d | ||
| 035 | _a(BD-JhCC)3722 | ||
| 040 |
_aBD-JhCC _dBD-JhCC |
||
| 041 | _aBengali and English | ||
| 082 |
_a891.4409 _bHAM 1962 |
||
| 100 | _aহামিদ, দেওয়ান আবদুল | ||
| 245 |
_aকবি জুলফিকার হায়দার : _bজীবন ও সাহিত্য / _cদেওয়ান আবদুল হামিদ. |
||
| 260 |
_aঢাকা : _bনওরোজ কিতাবিস্তান, _c1962. |
||
| 300 |
_a120 p. : _c21 cm. |
||
| 650 | _aCollection of works | ||
| 942 |
_2ddc _cBK |
||